000 00849nam a22002057a 4500
003 JO-AjAnu
005 20240326091904.0
008 240325b jo ||||| |||| 00| 0 ara d
020 _a9789923256725
040 _aJO-AjAnu
_cJO-AjAnu
041 0 _aara
100 1 _aبركو،عبد بن محمد
_eمؤلف
_965137
245 1 0 _aنجاح من خاصرة التحديات : الدكتور عبد الرحمن بن عبدالله المشيقح رجل مبادرات وصاحب رسالة /
_cتأليف عبد بن محمد بركو
250 _aالطبعة الاولى
260 _aعمان :
_bدار امجد للنشر والتوزيع،
_c2023
300 _a238 صفحة
500 _aيحتوي على مراجع
650 4 0 _aالسيرة الذاتية - رجال الاعمال - السعوديون
_965138
942 _2lcc
_cBK
_n0
999 _c33353
_d33353